|
|
|
|
| LEADER |
00000nam a22000007a 4500 |
| 005 |
20210617212726.0 |
| 007 |
cr|||| ||| |
| 008 |
210617s2020 co |||||s|||| 00||0 spa d |
| 020 |
|
|
|a 978-958-792-219-6
|
| 035 |
|
|
|a 33457
|
| 040 |
|
|
|a vLex
|
| 090 |
|
|
|c 11801
|d 11801
|
| 100 |
1 |
|
|a Silvera Escudero, Rodolfo Enrique
|
| 245 |
1 |
0 |
|a Logs̕tica contable
|h [Recurso electrn̤ico] :
|b Clave para las finanzas en la cadena de suministro /
|c Rodolfo Enrique Silvera Escudero
|
| 256 |
|
|
|a Servicio en ln̕ea
|
| 260 |
|
|
|a Bogot:̀
|b Ediciones de la U,
|c 2020
|
| 300 |
|
|
|a 1 recurso electrn̤ico
|
| 500 |
|
|
|a En este libro, el autor maneja la integracin̤ de los procesos logs̕ticos con las operaciones contables, a tal punto de crear un plan de cuentas adaptado a los movimientos logs̕ticos que se puedan presentar en centro de distribucin̤; de igual forma, se utilizan los principios contables para el registro de todas las transacciones, desde el primer documento que se ejecuta hasta el anl̀isis de los datos con indicadores, pasando por el registro contable de las cuentas, la mayorizacin̤, el balance de prueba, los asientos de cierre, balance general y estado de resultados, entre otros. Para el autor, el manejo de los inventarios y el almacenamiento son temas que tienen mucha aplicabilidad a los procesos contables, a tal punto de dedicarle un tiempo considerable a estos dos elementos de la logs̕tica integral, la cual marca mucha diferencia en las operaciones que se ejecutan en los diferentes centros de distribucin̤.
|
| 506 |
1 |
|
|a Disponible solo en los productos indicados
|d vLex Global
|d vLex Global (Academic Edition, excluding Law Schools)
|d vLex Global (U.S. Academic Edition, Law Schools)
|d vLex Global (U.S. Academic Edition, excluding Law Schools)
|d vLex Global (Academic Edition, Law Schools)
|
| 650 |
0 |
4 |
|a Administracin̤ (Management)
|z Colombia
|
| 740 |
0 |
|
|a vLex Libros (Servicio en ln̕ea)
|
| 856 |
4 |
0 |
|u https://vlex.com/source/logistica-contable-clave-para-las-finanzas-en-la-cadena-de-suministro-33457
|z Acceso restringido
|
| 942 |
|
|
|c BOOK
|
| 999 |
0 |
|
|a Management
|